Учение о преступлении по Литовскому Статуту (Запис № 377379)

МАРК-запис
000 -Лідер
fixed length control field 02241nam a22002657a 4500
001 - Контрольний номер
control field 91112
003 - Ідентифікатор контрольного номера
control field UA-OsUOA
005 - Дата та час останнього входження (трансакції)
control field 20200708113035.0
007 - Фіксоване поле фізичного опису
fixed length control field ta
008 - Елементи даних фіксованої довжини – загальна інформація
fixed length control field 20121122b un ||||| |||| 00| 0 ukr d
040 ## - Джерело каталогізації
Агенція оригінальної каталогізації UA-OsUOA
Мова каталогізації rus
Агенція, яка здійснювала перезапис UA-OsUOA
Агенція, яка здійснювала модифікацію UA-OsUOA
041 ## - Код мови
Код мови тексту/ звукової доріжки чи окремого заголовка (П) rus
080 ## - Індекс Універсальної десяткової класифікації
Індекс Універсальної десяткової класифікації (УДК) (НП) 343.1
090 ## - Локальний шифр розміщення
Класифікаційний індекс УДК 343.1
Авторський знак (НП) М19
100 ## - Основне введення – ім’я особи
Ім’я особи (НП) Малиновский И. А.
245 ## - Відомості про назву
Назва (НП) Учение о преступлении по Литовскому Статуту
Дані про відповідальність (НП) И. А. Малиновский ; под ред. В. А. Попелюшка
260 ## - Публікація, розповсюдження і т.п. (Вихідні дані)
Місце публікації, розповсюдження і т.п. (П) Острог
Ім’я/ наймення видавництва, розповсюджувача і т.п. (П) Изд-во НаУОА
Дата публікації, розповсюдження і т.п. (П) 2012
300 ## - Фізичний опис
Обсяг 264 с.
440 ## - Область серії / додатковий пошуковий ознака на назву серії
Заголовок Антология правовой мысли
520 ## - Резюме і т.п.
Резюме, реферат, анотація, тощо (НП) Предложенная читателю монография представляет собой научную студенческую роботу выпускника (1892 г.) юридического факультета Киевского Императорского университета св. Владимира (ныне Киевского национального университета имени Тараса Шевченка), в будущем выдающегося научного, общественного, просвитительского и политического деятеля России и СССР первой трети ХХ в., Иоанникия Алексеевича Малиновского (1869-1932 гг.).<br/>В ней автор представил казуистическое построение уголовного права в Литовских Статутах в виде его стройной системы, состоящей из Общей и Особенной частей, а также осветил важнейшие вопросы судоустройства и судопроизводства. Рассчитана на юристов и историков. Может быть интересна широкому кругу читателей.
650 #7 - Додаткове предметне введення – тематичний термін
Тематичний термін чи географічна назва, як елемент введення (НП) 343 Кримінальне право. Карні порушення
Джерело заголовка чи терміна UDC
942 ## - Додаткові елементи входу (Коха)
Тип елемента Koha Книги
Source of classification or shelving scheme Universal Decimal Classification
955 ## - Код типу видання за змістом
Код типу видання за змістом (НП) Наукові видання
Фонди
Стан вилучень Стан втрат Джерело класифікації або схеми стелажів Стан уражень Не для кредиту Постійне місце розташування Поточне розміщення Дата придбання Джерело придбання Вартість, звичайна ціна покупки Інвентарний номер Усього замовленно Повний номер виклику Штрих-код Дата останнього перегляду Ціна ефективна від Тип елемента Koha Дата останньої перевірки Вартість, ціна заміни
    Universal Decimal Classification     ЧЗ - Читальна зала ЧЗ - Читальна зала 22/11/2012 70/2012 12.00 140823   343.1 М19 140823 06/02/2022 22/11/2012 Книги    
    Universal Decimal Classification     ЧЗ - Читальна зала ЧЗ - Читальна зала 04/12/2012 74/2012 12.00 140884   343.1 М19 140884 07/02/2022 22/11/2012 Книги    
    Universal Decimal Classification     ЧЗ - Читальна зала ЧЗ - Читальна зала 04/12/2012 74/2012 12.00 140885 2 343.1 М19 140885 07/02/2022 22/11/2012 Книги 07/10/2019  
    Universal Decimal Classification     ЧЗ - Читальна зала ЧЗ - Читальна зала 10/03/2020 № 6/24.02.2020 45.00     343.1 М19 162392 07/02/2022 10/03/2020 Книги   45.00